|
|
|
|
| LEADER |
00932nab#a2200325#ar4500 |
| 001 |
000040586 |
| 003 |
SVKKK |
| 005 |
00000000000000.0 |
| 008 |
c xo e sloo |
| FMT |
|
|
|
| 038 |
|
|
|a SVKKK
|
| 040 |
|
|
|a SVKKK
|b slo
|e AACR2
|
| 041 |
0 |
|
|a slo
|
| 044 |
|
|
|a xo
|c SK
|
| 080 |
|
|
|a 282.94 (091
|2 1981
|
| 080 |
|
|
|a 943.76:282.9
|2 1981
|
| 100 |
1 |
|
|a Haraksim, Ľudovít
|4 aut
|
| 245 |
1 |
0 |
|a Užhorodská únia a východné Slovensko
|c Haraksim Ľudovít,
|
| 300 |
|
|
|e Lit. 51 zázn. Res. v angl. a nem. jazyku
|
| 650 |
0 |
4 |
|a Užhorodská únia
|x 24. 4. 1646
|
| 650 |
0 |
4 |
|a cirkev gréckokatolícka
|x cirkev rímskokatolícka
|x zjednotenie
|z Slovensko východné
|x vplyvy
|x dejiny
|
| 773 |
0 |
|
|t Historický časopis
|g Roč. 45, č. 2(1997), s. 194-206
|
| 957 |
|
|
|a Slovensko východné
|
| 958 |
|
|
|a SV
|
| 958 |
|
|
|a VS
|
| 974 |
|
|
|d 971015
|a SAB
|
| 992 |
|
|
|a RBX
|
| BAS |
|
|
|
| 852 |
|
|
|a SVKKK
|b BIB
|
| 998 |
|
|
|a REG
|